000 00806cam a22002651 4500
001 7905680
003 ARRUPE
005 20150911102615.0
008 741028s1952 xx 000 0 eng
010 _a 52005391
035 _a(OCoLC)1058201
040 _aDLC
_cVtU
_dODaWU
_dDLC
042 _apremarc
050 0 0 _aQP601
_b.C74
100 1 _d1893-1978
_919488
245 1 0 _aPasteur's study of fermentation.
260 _aCambridge,
_bHarvard University Press,
_cc1952.
300 _a57 p.
_b23 cm.
440 0 _aHarvard case histories in experimental science, case
_v6
_919489
600 1 0 _aPasteur, Louis,
_d1822-1895.
_919485
650 0 _aFermentation.
_919490
700 _aConant, James Bryant
_eed.
_919820
906 _a7
_bcbc
_coclcrpl
_du
_encip
_f19
_gy-gencatlg
942 _2lcc
_cMONOGRAPH
999 _c123290
_d123290